329 World Cities Large and Far from Larger City - Statistics

General Stats
  • This quiz has been taken 86 times
  • The average score is 205 of 329
Answers on the Map
Answers color-coded by a green-red scale on the quiz's map according to % correct below.
 
Answer Stats
City % Correct
Los Angeles
98%
London
96%
Madrid
96%
Paris
96%
Berlin
94%
New York
94%
Boston
91%
Cape Town
91%
Lisbon
91%
Mexico City
91%
Miami
91%
Moscow
91%
Rio de Janeiro
91%
Sydney
91%
Toronto
91%
Athens
89%
Auckland
89%
Bangkok
89%
Barcelona
89%
Cairo
89%
Chicago
89%
Dallas
89%
Istanbul
89%
Jakarta
89%
Johannesburg
89%
Melbourne
89%
Oslo
89%
Perth
89%
Saint Petersburg
89%
San Francisco
89%
Tokyo
89%
Addis Ababa
87%
Beijing
87%
Brasília
87%
Budapest
87%
Buenos Aires
87%
Glasgow
87%
Havana
87%
Helsinki
87%
Lagos
87%
Las Vegas
87%
Lima
87%
Manila
87%
Marseille
87%
Porto
87%
Riyadh
87%
Seattle
87%
Seoul
87%
Singapore
87%
Tunis
87%
Washington
87%
Adelaide
85%
Algiers
85%
Amman
85%
Ankara
85%
Atlanta
85%
Baghdad
85%
Bogotá
85%
Brisbane
85%
Casablanca
85%
Dubai
85%
Hamburg
85%
Houston
85%
Montreal
85%
Panama City
85%
Sana'a
85%
San José
85%
Santiago
85%
São Paulo
85%
Shanghai
85%
Sofia
85%
Stockholm
85%
Tehran
85%
Warsaw
85%
Belgrade
83%
Bucharest
83%
Caracas
83%
Copenhagen
83%
Denver
83%
Hanoi
83%
Khartoum
83%
Kiev
83%
Kingston
83%
Kinshasa
83%
Kolkata
83%
Kuala Lumpur
83%
La Paz
83%
Luanda
83%
Milan
83%
Mumbai
83%
Naples
83%
New Delhi
83%
Prague
83%
Seville
83%
Tripoli
83%
Asunción
81%
Baku
81%
Dakar
81%
Guangzhou
81%
Ho Chi Minh City
81%
Kabul
81%
Kuwait City
81%
Lahore
81%
Lyon
81%
Minneapolis
81%
Minsk
81%
Mogadishu
81%
Osaka
81%
Phoenix
81%
Port-au-Prince
81%
Quito
81%
Riga
81%
Tashkent
81%
Ulaanbaatar
81%
Abuja
79%
Antananarivo
79%
Bangalore
79%
Charlotte
79%
Dar es Salaam
79%
Detroit
79%
Djibouti
79%
Guatemala City
79%
Managua
79%
Nairobi
79%
Palermo
79%
Zagreb
79%
Accra
77%
Bordeaux
77%
Colombo
77%
Dhaka
77%
Edmonton
77%
Harare
77%
Honolulu
77%
Jeddah
77%
Karachi
77%
Lusaka
77%
Muscat
77%
Saint Louis
77%
Santo Domingo
77%
Taipei
77%
Tampa
77%
Valencia
77%
Astana
74%
Cancún
74%
Chennai
74%
Medina
74%
Monrovia
74%
Monterrey
74%
Salt Lake City
74%
Yerevan
74%
Asmara
72%
Calgary
72%
Guadalajara
72%
Kathmandu
72%
Kigali
72%
Maputo
72%
Medellín
72%
Nashville
72%
Niamey
72%
Odessa
72%
Oklahoma City
72%
Aleppo
70%
Bamako
70%
Cali
70%
Durban
70%
Izmir
70%
Kansas City
70%
Memphis
70%
N'Djamena
70%
New Orleans
70%
Ouagadougou
70%
Recife
70%
San Juan
70%
The Ruhr
70%
Xi'an
70%
Yangon
70%
Abidjan
68%
Bangui
68%
Belo Horizonte
68%
Conakry
68%
Kampala
68%
Libreville
68%
Lilongwe
68%
San Antonio
68%
Sapporo
68%
Xiamen
68%
Yaoundé
68%
Almaty
66%
Busan
66%
Chengdu
66%
Hyderabad
66%
Manaus
66%
Nouakchott
66%
Oran
66%
Ahmedabad
64%
Fortaleza
64%
Guayaquil
64%
Mombasa
64%
Ürümqi
64%
Winnipeg
64%
Cincinnati
62%
Denpasar
62%
Kano
62%
Kharkiv
62%
Mosul
62%
Nizhny Novgorod
62%
Barranquilla
60%
Benghazi
60%
Chongqing
60%
Port Elizabeth
60%
Salvador
60%
Yekaterinburg
60%
Córdoba
57%
Harbin
57%
Novosibirsk
57%
Omsk
57%
Perm
57%
Porto Alegre
57%
Ufa
57%
Volgograd
57%
Ciudad Juárez
55%
Katowice
55%
Belém
53%
Cebu
53%
Curitiba
53%
Donetsk
53%
Lviv
53%
Samara
53%
Surabaya
53%
Lucknow
51%
Maracaibo
51%
Wuhan
51%
Isfahan
49%
Kazan
49%
Mérida
49%
Lubumbashi
47%
Mashhad
47%
Medan
47%
Qingdao
47%
Rosario
47%
Santa Cruz
47%
Davao
45%
Mandalay
45%
Shenyang
45%
Dalian
43%
Kunming
43%
Port Harcourt
43%
Agadir
40%
Dammam
40%
Da Nang
40%
Nagpur
40%
Astrakhan
38%
George Town
38%
Irkutsk
38%
Mbuji-Mayi
38%
Port Sudan
38%
São Luís
38%
Krasnoyarsk
36%
Makassar
36%
Natal
36%
Quetta
36%
Saratov
36%
Sendai
36%
Tabriz
36%
Naha
34%
Pointe-Noire
34%
Shiraz
34%
Bulawayo
32%
Changsha
32%
Kaohsiung
32%
Voronezh
32%
Beira
30%
Kisangani
30%
Nanning
30%
Teresina
30%
Trujillo
30%
Zhengzhou
30%
Arequipa
28%
Krasnodar
28%
Lanzhou
28%
Vitória
28%
Indore
26%
Jinan
26%
Jodhpur
26%
Orenburg
26%
Palembang
26%
Shijiazhuang
26%
Wenzhou
26%
Bucaramanga
23%
Cuiabá
23%
Haikou
23%
Kuching
23%
San Miguel de Tucumán
21%
Vishakhapatnam
21%
Yaroslavl
21%
Bhubaneswar
19%
Guwahati
19%
Khabarovsk
19%
Makhachkala
19%
Mar del Plata
19%
Pekanbaru
19%
Baotou
17%
Campo Grande
17%
Hubli-Dharwad
17%
Semarang
17%
Torreón
17%
Tuxtla
17%
Tyumen
17%
Xuzhou
17%
Banjarmasin
15%
Bouaké
15%
Diyarbakır
15%
Nanchang
15%
Culiacán
13%
Kerman
13%
Chifeng
11%
Nyala
11%
Siliguri
11%
Sokoto
11%
Vijayawada
11%
Guiyang
9%
Hegang
9%
Uberlândia
9%
Xiangyang
9%
Yinchuan
9%
Zahedan
9%
Ganzhou
6%
Lijiang
6%
Mudanjiang
4%
No matching quizzes found
Score Distribution
Percent of People with Each Score
Percentile by Number Answered
Your Score History
You have not taken this quiz